000
00258nam a2200097Ia 4500
001
797760
005
20250826170813.0
008
250824s9999 xx 000 0 und d
245
0
_a
CAN VEREN PERVANELER 2
_c
HAYATİ İNANÇ
260
_b
BABIALİ KÜLTÜR YAYINLARI
999
_c
797760
_d
797760